000 00731nam a2200217Ia 4500
003 GCL
008 140319s9999 xx 000 0 ara d
040 _aGCL /
_cGCL
082 0 4 _a811.009
_bع ا
100 1 _aعبدالقادر القط
245 1 0 _aالاتجاه الوجدانى فى الشعر العربى المعاصر /
_cعبدالقادر القط
250 _aالثانية
260 _aالقاهرة :
_bدار النهضة العربية ،
_c1981
300 _a502 ص ؛
_c24 سم
650 0 4 _aالشعر العربى
650 0 4 _aالادب العربى
650 0 4 _aالنقد
650 0 4 _aتاريخ ونقد
650 0 4 _aالشعر العربى - العصر الحديث
942 _2ddc
_cBK
999 _c37197
_d37197